Applied microeconomics /

Zapisane w:
Opis bibliograficzny
1. autor: Hope, Stephen.
Format: Książka
Język:English
Wydane: New York : John Wiley and Sons, 1999.
Hasła przedmiotowe:
Etykiety: Dodaj etykietę
Nie ma etykietki, Dołącz pierwszą etykiete!
Thư viện lưu trữ: Mạng thư viện Đại học Đà Nẵng
LEADER 00756cam a2200313 i 4500
001 000045235
003 4406
005 20030226100037.0
008 010220|1999 vm 000 eng
020 |a 0471979147 
040 |a IRC  |c IRC  |d IRC 
041 0 |a eng 
082 1 4 |a 338.5  |b HO-S 
100 1 |a Hope, Stephen. 
245 0 0 |a Applied microeconomics /  |c Stephen Hope. 
260 |a New York :  |b John Wiley and Sons,  |c 1999. 
300 |a 519p. :  |b ill. 
630 0 4 |a Microeconomics. 
650 0 4 |a Microeconomics. 
OWN |a DUT 
999 |a From the UDN01 
TYP |a Monograph 
TYP |a Printed language 
980 |a Mạng thư viện Đại học Đà Nẵng